التجارب العلمية المبسطة : الماء / (رقم التسجيلة. 102719)

تفاصيل مارك
000 -LEADER
fixed length control field 00735nam a22002297a 4500
005 - DATE AND TIME OF LATEST TRANSACTION
control field 20251108173404.0
008 - FIXED-LENGTH DATA ELEMENTS--GENERAL INFORMATION
fixed length control field 250721s9999 xx 000 0 ara d
020 ## - INTERNATIONAL STANDARD BOOK NUMBER
International Standard Book Number 9773613089
082 14 - DEWEY DECIMAL CLASSIFICATION NUMBER
Classification number ط/551.48/جمل
100 1# - MAIN ENTRY--PERSONAL NAME
Personal name الجمل، عبد الباسط
245 10 - TITLE STATEMENT
Title التجارب العلمية المبسطة : الماء /
264 1# - PRODUCTION, PUBLICATION, DISTRIBUTION, MANUFACTURE, AND COPYRIGHT NOTICE
Place of production, publication, distribution, manufacture القاهرة :
Name of producer, publisher, distributor, manufacturer شركة سفير،
300 ## - PHYSICAL DESCRIPTION
Extent 24ص
490 0# - SERIES STATEMENT
Series statement التجارب العلمية المبسطة
650 17 - SUBJECT ADDED ENTRY--TOPICAL TERM
Topical term or geographic name as entry element المياه
650 17 - SUBJECT ADDED ENTRY--TOPICAL TERM
Topical term or geographic name as entry element التجارب
650 17 - SUBJECT ADDED ENTRY--TOPICAL TERM
Topical term or geographic name as entry element الغلاف المائي
653 ## - INDEX TERM--UNCONTROLLED
Uncontrolled term اطفال مرحله متوسطه (6-9)سنوات
700 1# - ADDED ENTRY--PERSONAL NAME
Personal name عبيد، عبد المرضي
Relator term رسام
942 ## - ADDED ENTRY ELEMENTS (KOHA)
Source of classification or shelving scheme Dewey Decimal Classification
Koha item type كتب
المقتنيات
حالة السحب حالة الفقدان مصدر التصنيف حالة التلف غير قابل للإعارة المكتبة الرئيسية المكتبة الحالية موقع الرف تاريخ التزويد الرقم المتسلسل Total Checkouts رقم الإستدعاء الباركود تاريخ آخر ظهور تاريخ الفاتورة نوع المادة (كوها)
    Dewey Decimal Classification     مكتبة أم قصير والمقابلين العامة مكتبة أم قصير والمقابلين العامة الأطفال 28/07/2025 1148212   ط/551.48/جمل 1148212 28/07/2025 28/07/2025 كتب
    Dewey Decimal Classification     مكتبة الأميرة ايمان العامة مكتبة الأميرة ايمان العامة الأطفال 28/07/2025 1052327   ط/551.48/جمل 1052327 28/07/2025 28/07/2025 كتب
    Dewey Decimal Classification     مكتبة الأميرة سلمى مكتبة الأميرة سلمى الإعارة 18/06/2015 1461739   ط/551.48/جمل PLD00332309 28/07/2025 18/06/2015 كتب
    Dewey Decimal Classification     مكتبة صويلح العامة مكتبة صويلح العامة الأطفال 28/07/2025 1052328   ط/551.48/جمل 1052328 28/07/2025 28/07/2025 كتب
    Dewey Decimal Classification     مكتبة مرج الحمام مكتبة مرج الحمام الأطفال 28/07/2025 1148206   ط/551.48/جمل 1148206 28/07/2025 28/07/2025 كتب
Implemented & Customized by: BBB with SCIT (Smart Chains for Information Technology)

Powered by Koha